| 000 | 02925cam a2200445 a 4500 | ||
|---|---|---|---|
| 001 | ocm55963291 | ||
| 003 | TZ-ArACH | ||
| 005 | 20120306114952.0 | ||
| 008 | 050322s2004 ne b 001 0 eng d | ||
| 010 | _a 2005272045 | ||
| 016 |
_aB0415537 _2bccb |
||
| 020 | _a9004140905 | ||
| 020 | _a9789004140905 | ||
| 035 | _a(OCoLC)55963291 | ||
| 040 |
_aOHX _cTZ-ArACH _dDLC _dUAB _dYLS _dBAKER _dNLGGC _dBTCTA _dLVB _dTKF _dYDXCP _dAU@ _dHEBIS |
||
| 042 | _alccopycat | ||
| 049 | _aSZTA | ||
| 050 | 0 | 0 |
_aKZ6373 _b.N38 |
| 245 | 0 | 0 |
_aNational implementation of United Nations sanctions : _ba comparative study / _cedited by Vera Gowlland-Debbas ; with the assistance of Djacoba Liva Tehindrazanarivelo. |
| 260 |
_aLeiden ; _aBoston : _bM. Nijhoff Publishers ; _aLeiden : _bBrill, _c2004. |
||
| 300 |
_ax, 671 p. ; _c25 cm. |
||
| 490 | 1 |
_aGraduate Institute of International Studies ; _vv. 4 |
|
| 504 | _aIncludes bibliographical references and index. | ||
| 505 | 0 | 0 |
_gPt. I: Introductory survey. _tSanctions regimes under under Article 41 of the UN Charter / _rVera Gowlland-Debbas -- _tImplementing sanctions resolutions in domestic law / _rVera Gowlland-Debbas -- _gPt. II: National studies. _tArgentina / _rEmilio J. Cárdenas and Mariano Garcia-Rubio -- _tBelgium / _rEric Suy and Nicolas Angelet -- _gThe _tEuropean Union / _rDaniel Bethlehem -- _tFinland / _rMartti Koskenniemi, Päivi Kaukoranta, and Martin Björklund -- _tFrance / _rGeneviève Burdeau and Brigitte Stern -- _tGermany / _rJochen Abr. Frowein and Nico Krisch -- _tJapan / _rHisashi Owada -- _tJordan / _rBisher Al-Khasawneh and Adnan Amkhan -- _gThe _tNetherlands / _rAlfred H.A. Soons -- _tPoland and the Czech Republic / _rWladyslaw Czapliñski and Pavel Šturma -- _tSouth Africa and Namibia / _rHennie Strydom and Tunguru Huaraka -- _tSweden / _rOve Bring, Per Cramér, and Göran Lysén -- _tSwitzerland / _rMathias-Charles Krafft, Daniel Thürer, and Julie-Antoinette Stadelhofer -- _tUnited Kingdom / _rChristopher Greenwood -- _gThe _tUnited States / _rAndreas F. Lowenfeld -- _tConcluding remarks / _rVera Gowlland-Debbas. |
| 610 | 2 | 0 |
_aUnited Nations. _91555 |
| 610 | 2 | 6 |
_aNations Unies _xSanctions. _91556 |
| 650 | 0 |
_aSanctions (International law) _91557 |
|
| 650 | 0 |
_aInternational and municipal law. _91558 |
|
| 650 | 1 | 7 |
_aDroit international et droit interne _91559 |
| 650 | 1 | 7 |
_a État _91560 |
| 650 | 1 | 7 |
_aDroit national _91561 |
| 650 | 6 |
_aSanctions (Droit international) _91562 |
|
| 650 | 0 | 7 |
_a.United Nations _91563 |
| 700 | 1 |
_aGowlland-Debbas, Vera, _d1943- _91564 |
|
| 700 | 1 |
_aTehindrazanarivelo, Djacoba Liva. _91565 |
|
| 830 | 0 |
_aGraduate Institute of International Studies (Series) ; _vv. 4. _91566 |
|
| 942 |
_2lcc _cBOOK |
||
| 999 |
_c674 _d674 |
||